Statistiques concernant Les pays où le français est la SEULE langue officielle

Cliquez ici pour prendre le quiz!

Statistiques générales

  • Ce quiz a été pris 309 fois
  • Le résultat moyen est 5 sur 13

Statistiques - réponses

Réponse% Correct
France
99%
Sénégal
45%
République Démocratique du Congo
43%
République du Congo
43%
Monaco
41%
Mali
39%
Côte d'Ivoire
34%
Guinée
28%
Niger
28%
Gabon
27%
Togo
27%
Bénin
25%
Burkina Faso
19%

Distribution des résultats

Percentile par nombre de réponses

% des personnes avec chaque résultat

Votre développement - résultats

Vous n’avez pas pris ce quiz